हम प्रवासी / (Record no. 114112)

MARC details
000 -LEADER
fixed length control field 00989nam a22002537a 4500
005 - DATE AND TIME OF LATEST TRANSACTION
control field 20170124103003.0
010 ## - LIBRARY OF CONGRESS CONTROL NUMBER
LC control number B-082728
020 ## - INTERNATIONAL STANDARD BOOK NUMBER
Terms of availability 200.00
International Standard Book Number 817315449
035 ## - SYSTEM CONTROL NUMBER
System control number B-082728
037 ## - SOURCE OF ACQUISITION
Source of stock number/acquisition Cen Lib/Ret
040 ## - CATALOGING SOURCE
Original cataloging agency DPL
Language of cataloging HN
082 ## - DEWEY DECIMAL CLASSIFICATION NUMBER
Classification number
Item number अनत
100 ## - MAIN ENTRY--PERSONAL NAME
Personal name अनत, अभिमन्यु
9 (RLIN) 55385
245 ## - TITLE STATEMENT
Title हम प्रवासी /
Statement of responsibility, etc अभिमन्यु अनत
246 ## - VARYING FORM OF TITLE
Title proper/short title Hum pravasi /
Remainder of title by Abhimanyu Anat
260 ## - PUBLICATION, DISTRIBUTION, ETC. (IMPRINT)
Place of publication, distribution, etc नई दिल्ली
Name of publisher, distributor, etc प्रभात प्रकाशन
Date of publication, distribution, etc 2004
270 ## - ADDRESS
Address 4/19, असफ अली रोड
City नई दिल्ली
Postal code 110002
300 ## - PHYSICAL DESCRIPTION
Extent 170पृ.
Dimensions 21सेमी (सजिल्द)
650 ## - SUBJECT ADDED ENTRY--TOPICAL TERM
Topical term or geographic name as entry element हिन्दी साहित्य
9 (RLIN) 55386
650 ## - SUBJECT ADDED ENTRY--TOPICAL TERM
Topical term or geographic name as entry element हिन्दी साहित्य -- उपन्यास
9 (RLIN) 46379
650 ## - SUBJECT ADDED ENTRY--TOPICAL TERM
Topical term or geographic name as entry element Hindi literature
9 (RLIN) 55387
650 ## - SUBJECT ADDED ENTRY--TOPICAL TERM
Topical term or geographic name as entry element Hindi literature -- Fiction
9 (RLIN) 55388
942 ## - ADDED ENTRY ELEMENTS (KOHA)
Source of classification or shelving scheme Dewey Decimal Classification
Koha item type Hindi Books
Classification part
Call number suffix अनत
Holdings
Withdrawn status Lost status Damaged status Not for loan Home library Current library Date acquired Source of acquisition Cost, normal purchase price Total Checkouts Full call number Barcode Date last seen Date checked out Copy number Cost, replacement price Price effective from Koha item type
        Central Library Central Library 14/08/2015 Cen Lib/Ret 200.00 1 उ अनत B-082728 10/04/2018 02/04/2018 1 200.00 14/08/2015 Hindi Books

© Delhi Public Library
Hit Counter
free hit counter